| 000 | 00502nam a22001817a 4500 | ||
|---|---|---|---|
| 003 | 0 | ||
| 005 | 20240923124440.0 | ||
| 008 | 240923b xxu||||| |||| 00| 0 eng d | ||
| 020 | _a978-1-119-91241-5 | ||
| 050 |
_aHF 5415.32 _b.R88 |
||
| 100 | _aRuvio, Ayalla | ||
| 245 |
_aConsumer behavior _cRuvio, Ayalla |
||
| 260 |
_aNew Jrsey _bJohn wiley & sons _cC2023 |
||
| 300 |
_axv, 313p,. _bill. ; col. : _c26cm. |
||
| 500 | _aConsumer behavior. | ||
| 650 | _aIncludes glossary & index. | ||
| 942 |
_2lcc _cBK |
||
| 999 |
_c366340 _d366340 |
||